Deuce Bigalow male gigolo (Registro nro. 74756)
[ vista simple ]
| 000 -ENCABEZADO | |
|---|---|
| Número de control [NR] | 01202nam a2200265Ia 4500 |
| 008 - DE LONGITUD FIJA DE DATOS DE ELEMENTOS - INFORMACIÓN GENERAL | |
| Elementos de longitud fija [NR] | 130821s1999 xxu gs eng |
| 020 ## - NUMERO INTERNACIONAL NORMALIZADO PARA LIBROS [R] | |
| Número Internacional Normalizado del libro [NR] | 0 7888 2268 3 |
| 040 ## - FUENTE DE CATALOGACION [NR] | |
| Agencia de catalogación original [NR] | Co-BoUcm |
| Idioma de catalogación [NR] | spa |
| 041 00 - CODIGO DE IDIOMA [R] | |
| Código de idioma para texto/pista de sonido o título separado [R] | Inglés |
| 092 ## - SIGNATURA TOPOGRAFICA LOCAL | |
| Número de clasificación local | DVD 0683 |
| 245 00 - MENCION DE TITULO [NR] | |
| Título [NR] | Deuce Bigalow male gigolo |
| Mención de responsabilidad, etc. [NR] | [DVD] |
| -- | Mike Mitchell |
| 260 ## - PUBLICACION, DISTRIBUCION, ETC. (PIE DE IMPRENTA) [R] | |
| Lugar de publicación, distribución, etc. [R] | Washington D.C. (Estados Unidos) |
| Nombre del editor, distribuidor, etc. [R] | Touchstone Pictures |
| Fecha de publicación, distribución, etc. [R] | 1999 |
| 300 ## - DESCRIPCION FISICA [R] | |
| Extensión [R] | 1 (DVD) |
| 500 ## - NOTA GENERAL [R] | |
| Nota general [NR] | Conocida en español como Gigoló. |
| 508 ## - NOTA DE CREDITOS DE CREACION/PRODUCCION [R] | |
| Nota de créditos de creación/producción [NR] | Guión Rob Schneider & Tom Brady. |
| 511 ## - NOTA DE PARTICIPANTE O INTERPRETE [R] | |
| Nota de participante o intérprete [NR] | Rob Schneider, William Forsythe, Eddie Griffin, Arija Bareikis, Oded Fehr, Jacqueline Obradors |
| 520 ## - NOTA DE RESUMEN, ETC. [R] | |
| Nota de sumario, etc. [NR] | Deuce Bigalow trabaja de limpiador en un acuario hasta que un día pierde su empleo. Más tarde consigue un empleo temporal en la casa de un gigoló, pero cuando accidentalmente la destruye se verá obligado a trabajar como chico de compañía. Tendrá |
| 546 ## - NOTA DE IDIOMA [R] | |
| Nota de idioma [NR] | Audio en inglés. |
| 650 ## - ASIENTO SECUNDARIO DE MATERIA - TERMINO TEMATICO [R] | |
| Término temático o nombre geográfico como elemento de entrada [NR] | Comedia |
| Subdivisión de forma [R] | DVD |
| 9 (RLIN) | 11176 |
| 650 ## - ASIENTO SECUNDARIO DE MATERIA - TERMINO TEMATICO [R] | |
| Término temático o nombre geográfico como elemento de entrada [NR] | Películas cinematográficas |
| Subdivisión de forma [R] | DVD |
| 9 (RLIN) | 7903 |
| 690 ## - ASUNTO AGREGADO LOCAL DE ENTRADA - TÉRMINO TEMÁTICO (OCLC, RLIN) | |
| Acceso temático local | Entretenimiento |
| 9 (RLIN) | 26487 |
| 700 1# - ASIENTO SECUNDARIO - NOMBRE PERSONAL [R] | |
| Nombre personal [NR] | Mitchell, Mike |
| Término de relación [R] | |
| 856 04 - LOCALIZACION Y ACCESO ELECTRONICOS [R] | |
| Identificador Uniforme del Recurso (“URI”) [R] | <a href="http://www.youtube.com/watch?v=IolwM3rGNPc">http://www.youtube.com/watch?v=IolwM3rGNPc</a> |
| Nota dirigida al público [R] | Siga este vínculo para ver el trailer. |
| 942 ## - ELEMENTOS DE ENTRADA AGREGADOS (KOHA) | |
| Tipo de ítem principal el descrito en 300a | Multimedia |
| Sistema de clasificación | LOCAL |
| Tema principal | Entretenimiento |
| Edición | 1 |
| Fecha de último préstamo | Total préstamos | Código de barras | Última vez visto | Volúmen / Fascículo | Ejemplar | Price effective from | Tipo de ítem | Perdido | Sistema de clasificación | Dañado | No prestable | Tipo de ítem específico | Suprimido | Ubicación habitual | Ubicación actual | Localización | Fecha de creación | Forma de adquisición | Costo |
|---|---|---|---|---|---|---|---|---|---|---|---|---|---|---|---|---|---|---|---|
| 07/05/2013 | 10 | 100115440 | 10/12/2024 | DVD 0683 | Ej.2 | 03/02/2013 | Multimedia | DEWEY | DVD | Claustro | Claustro | Colección digital | 19/02/2013 | Donación | 26000.00 | ||||
| 07/05/2012 | 100114966 | 09/12/2025 | DVD 0683 | Ej.1 | 03/02/2013 | Multimedia | LOCAL | Préstamo restringido | DVD | Procesos Técnicos | Procesos Técnicos (no para préstamo) | Procesos Técnicos | 19/02/2013 | Compra | 20200.00 |